Textbook of Child Health Nursing-I (Record no. 1862)

MARC details
000 -LEADER
Fixed length control field 00702nam a22002297a 4500
003 - CONTROL NUMBER IDENTIFIER
Control field IIN
005 - DATE AND TIME OF LATEST TRANSACTION
Control field 20250722114352.0
008 - FIXED-LENGTH DATA ELEMENTS--GENERAL INFORMATION
Fixed length control field 250722s2025 |||ad||| |||| 001 0 eng d
020 ## - INTERNATIONAL STANDARD BOOK NUMBER / ISBN
International Standard Book Number 9788197849725
Price 725.00
040 ## - CATALOGING SOURCE
Original cataloging agency IIN
082 ## - DEWEY DECIMAL CLASSIFICATION NUMBER
Classification number 610.73
Book Number MAU
100 ## - MAIN ENTRY--PERSONAL NAME
Personal name Maurya, Archana
245 ## - TITLE STATEMENT
Title Textbook of Child Health Nursing-I
Sub title Exclusively Prepared for B.Sc. Nursing (5th Semester)
Statement of responsibility Archana Maurya, Bibin Kurian and Darshana Kumari Wankhede
260 ## - IMPRINT
Place of publication Delhi
Name of publisher AITBS Publishers
Date of publication 2025
300 ## - PHYSICAL DESCRIPTION
Page / Vol. No xxiii, 318 p.
Other physical details ill.
500 ## - GENERAL NOTE
General note Includes Index
650 ## - SUBJECT ADDED ENTRY--TOPICAL TERM
Topical term Child Health
Form subdivision Nursing
650 ## - SUBJECT ADDED ENTRY--TOPICAL TERM
Topical term Nursing
700 ## - ADDED ENTRY--PERSONAL NAME
Personal name Kurian, Bibin
700 ## - ADDED ENTRY--PERSONAL NAME
Personal name Wankhede, Darshana Kumari
942 ## - ADDED ENTRY ELEMENTS (KOHA)
Koha item type Books
Holdings
Withdrawn status Lost status Source of classification Damaged status Not for loan Collection code Home library Current library Shelving location Date acquired Price Total Checkouts Call number Accession number Date last seen Date checked out Price effective from Koha item type
    Dewey Decimal Classification     Purches Book IDEAL INSTITUTE OF NURSING IDEAL INSTITUTE OF NURSING General Stacks 21/04/2025 725.00 1 610.73 MAU 2111 15/10/2025 15/10/2025 22/07/2025 Books
© Ideal Institute Of Nursing, All rights reserved.         Powered by Koha